000 00292nam a22001337a 4500
008 170623b xxu||||| |||| 00| 0 eng d
020 _a9780521368414
041 _aeng
080 _22ND
_a32
100 _a21
101 _aSHP
245 _aPOLITICAL TERRORISM
_cWARDLAW.G
942 _2udc
_cBK
999 _c18980
_d18980